000 00297nam a22001337a 4500
008 170815b xxu||||| |||| 00| 0 eng d
020 _a020103803-X
041 _aeng
080 _a004
100 _a35
101 _aSHK
245 _aTHE ART OFCOMPUTER PROGRAMMING
_cVARGA,H.S
942 _2udc
_cBK
999 _c23585
_d23585